000 01288nam a22002537a 4500
999 _c58522
_d58522
003 Ge_BSU
005 20220518162801.0
008 220518b ge ||||| |||| 00| 0 geo d
041 _ageo
080 _a81'1 ჩ-69
100 _aჩიქობავა, არნოლდ
_91234
245 _aზოგადი ენათმეცნიერება წ. 2 ძირითადი პრობლემები :
_bზოგადი ენათმეცნიერება /
_cარნოლდ ჩიქობავა ; რედ. გ. ახვლედიანი.
260 _aმე-2 გამოცემა
264 _aთბილისი :
_bთბილ. სახელმწ. უნ-ტის გამ-ბა და სტ.,
_c1983.
300 _a488 გვ. ;
_c23 სმ.
504 _aბიბლიოგრაფია გვ. : 471-482
546 _aრეზიუმე რუსულ ენაზე
653 _aზოგადი ენათმეცნიერება
653 _aძირითადი პრობლემები
653 _aქართული ენა
700 _aახვლედიანი, ა.
_eრედაქტორი
_91870
710 _aთსუ
_913772
942 _2udc
_cBK